Statistics for Cleveland Browns 23-24 Roster

Click here to take the quiz!

General Stats

  • This quiz has been taken 133 times
  • The average score is 38 of 65

Answer Stats

#HintAnswer% Correct
4QBDeshaun Watson
99%
69TLeroy Watson IV
99%
24RBNick Chubb
99%
2WRAmari Cooper
97%
15QBJoe Flacco
96%
85TEDavid Njoku
93%
34RBJerome Ford
93%
28CBMike Ford
93%
17QBDorian Thompson-Robinson
92%
27RBKareem Hunt
92%
5LBAnthony Walker Jr
90%
95DEMyles Garrett
90%
10QBP.J. Walker
90%
21CBDenzel Ward
87%
8WRElijah Moore
85%
79TDawand Jones
81%
77GWyatt Teller
78%
99DEZa'Darius Smith
78%
0CBGreg Newsome II
77%
88TEHarrison Bryant
76%
20RBPierre Strong Jr
74%
7KDustin Hopkins
73%
75GJoel Bitonio
73%
23CBMartin Emerson Jr
71%
?HCKevin Stefanski
69%
37SD'Anthony Bell
68%
18WRDavid Bell
68%
22SGrant Delpit
68%
55CEthan Pocic
67%
3WRMarquise Goodwin
67%
71TJedrick Wills Jr
66%
44LBSione Takitaki
66%
19WRCedric Tillman
65%
6LBJeremiah Owusu-Koramoah
64%
1SJuan Thornhill
61%
78TJack Conklin
59%
53CNick Harris
55%
93DTShelby Harris
55%
84TEJordan Akins
54%
94DTDalvin Tomlinson
49%
13PCorey Bojorquez
48%
66TJames Hudson III
44%
11WRJames Proche II
41%
90DTMaurice Hurst II
40%
47LSCharley Hughlett
39%
54DEOgbo Okoronkwo
39%
33SRonnie Hickman
39%
9WRJakeem Grant Sr
36%
96DTJordan Elliott
36%
64TGeron Christian
35%
62DTSiaki Ika
35%
29CBCameron Mitchell
34%
42LBTony Fields II
33%
91DEAlex Wright
32%
68GMichael Dunn
32%
56CLuke Wypler
27%
26SRodney McLeod
26%
12WRMichael Woods II
23%
70GDrew Forbes
20%
51LBJordan Kunaszyk
17%
40LBMatthew Adams
17%
57DEIsaiah McGuire
14%
25CBKahlef Hailassie
11%
52GDawson Deaton
9%
43LBMohamoud Diabete
5%

Score Distribution

Percentile by Number Answered

Percent of People with Each Score

Your Score History

You have not taken this quiz